000 00887cab a2200217 4500
001 ABS40150
008 090401t1988 xxu||||| |||| 00| 0 eng d
035 _a(Sirsi) u21768
041 _aeng
100 _aCatt, R.
245 _aSurveying churches
260 _c1988
350 _a0
490 _aChurch Building
_v(9) Autumn 1988, 13-14(2)
520 _aThe Inspection of Churches Measure 1955 requires all churches to be inspected by an architect every five years. This article looks at the problems of surveying churches including lack of knowledge of historic buildings and the fact that at present it is architects not surveyors who carry out the surveys despite the efforts of the RICS .
650 _aECCLESIASTICAL ARCHITECTS AND SURVEYORS ASSOCIATION
650 _aQUINQUENNIAL INSPECTIONS
690 _aPRACTICE AND TECHNIQUES
942 _n0
948 _c04/03/1997
999 _c14594
_d14594